[Event "28th WSCC Open 50 2018"]
[Site "Bled"]
[Date "2018.11.21"]
[Round "4"]
[White "Sturua, Zurab"]
[Black "Soffer, Ram"]
[Result "1/2-1/2"]
[WhiteElo "2529"]
[BlackElo "2472"]
[Annotator "TA"]
[PlyCount "35"]
[EventDate "2018.11.17"]
[EventType "swiss"]
[EventCountry "SLO"]
[SourceTitle "playchess.com"]
[Source "ChessBase"]
[SourceQuality "1"]

{[%evp 23,35,-27,-18,-20,-30,-73,-57,-85,-81,-79,-73,-73,-86,-68]} 1. d4 Nf6 2. c4 e6 3. Nc3 Bb4 4. Nf3 b6 5. Bg5 h6 6. Bh4 g5 7. Bg3 Ne4 8. Qc2 Bb7 9. e3 Bxc3+ 10. bxc3 d6 11. Bd3 f5 12. d5 Na6 {LiveBook: 47 Games. E13: Queen's Indian/Nimzo-Indian hybrid: 4 Nc3 Bb7 5 Bg5 h6 6 Bh4 Bb4} (12... Qf6 13. Bxe4 fxe4 14. Qxe4 Qxc3+ 15. Ke2 Qb2+ 16. Nd2 Qf6 17. h4 g4 18. h5 Nd7 19. Bh4 Qf5 20. Qxf5 exf5 {0-1 (34) Tang,A (2513)-Nakamura,H (2781) chess.com INT 2018}) 13. h4 Qf6 14. Nd4 {[#]} Nac5 $1 15. Nxe6 Nxe6 {Black is better.} 16. Bxe4 fxe4 17. dxe6 O-O-O 18. Qb3 $146 ({Predecessor:} 18. O-O-O Qxe6 19. Qa4 a5 20. Kb2 Rdf8 21. hxg5 hxg5 22. Rxh8 Rxh8 {0-1 (44) Sutter,O (2390)-Mantovani,R (2366) Switzerland 2004}) 1/2-1/2

[Event "28th WSCC Open 50 2018"]
[Site "Bled"]
[Date "2018.11.21"]
[Round "4"]
[White "Bischoff, Klaus"]
[Black "Kalegin, Evgenij"]
[Result "1/2-1/2"]
[WhiteElo "2507"]
[BlackElo "2413"]
[Annotator "TA"]
[PlyCount "25"]
[EventDate "2018.11.17"]
[EventType "swiss"]
[EventCountry "SLO"]
[SourceTitle "playchess.com"]
[Source "ChessBase"]
[SourceQuality "1"]

{[%evp 20,25,83,63,78,79,140,84]} 1. d4 Nf6 2. c4 g6 3. Nc3 Bg7 4. e4 d6 5. Nf3 O-O 6. Be2 Nbd7 7. O-O e5 8. Qc2 c6 9. Rd1 Qe7 10. d5 c5 11. g3 {LiveBook: 45 Games} Nh5 {E94: King's Indian: Classical: 6 Be2 e5 7 0-0: Various Black 7th moves} 12. Ne1 $146 ({Predecessor:} 12. Rb1 Ndf6 13. b4 b6 14. bxc5 bxc5 15. Bg5 h6 16. Bd2 Ng4 17. h3 Ngf6 18. Bf1 Nh7 19. Rb3 {½-½ (34) Lobron,E (2545)-Hausner,I (2440) Germany 1990}) 12... Nb8 (12... Nb6 $142) 13. Ng2 (13. Bxh5 $142 gxh5 14. Qe2) 1/2-1/2

[Event "28th WSCC Open 50 2018"]
[Site "Bled"]
[Date "2018.11.21"]
[Round "4"]
[White "Prie, Eric"]
[Black "Lagunov, Evgenij"]
[Result "1-0"]
[WhiteElo "2482"]
[BlackElo "2272"]
[Annotator "TA"]
[PlyCount "77"]
[EventDate "2018.11.17"]
[EventType "swiss"]
[EventCountry "SLO"]
[SourceTitle "playchess.com"]
[Source "ChessBase"]
[SourceQuality "1"]

{[%evp 16,77,1,7,29,16,15,0,47,53,49,71,64,43,69,44,41,33,38,17,59,-62,254,39,40,21,112,89,128,116,108,70,308,244,340,337,376,327,431,454,439,442,500,470,499,500,498,496,510,510,516,509,487,476,483,476,669,426,683,670,668,662,626,608]} 1. d4 Nf6 2. Nf3 g6 3. Nc3 Bg7 4. Bf4 O-O 5. e4 d6 6. h3 c5 7. dxc5 {B08: Pirc Defence: Classical System} Qa5 8. Bd3 Qxc5 9. O-O {LiveBook: 3 Games. The position is equal.} Be6 $146 ({Predecessor:} 9... a6 10. Be3 Qc7 11. a4 Nc6 12. Qd2 {½-½ (57) Speelman,J (2517)-Howell,D (2693) England 2016}) 10. Qe2 Nc6 11. a3 d5 12. e5 {[#] Hoping for Be3.} Nh5 13. Bh2 $1 Bh6 14. Kh1 Nd4 15. Nxd4 Qxd4 16. Rad1 $36 {[%mdl 2048] White has good play.} Qh4 $1 17. Qf3 Rad8 {Black wants to play ...f6.} 18. g4 (18. Be2 $14) 18... Ng7 $2 {[%mdl 8192] [#]} (18... f5 $1 $15 {keeps the upper hand.} 19. gxh5 d4) 19. Qg3 $2 (19. Qg2 $1 $18 Nh5 20. f4 (20. gxh5 Bxh3 21. Qg3 Qxg3 $16)) 19... Qxg3 $14 20. Bxg3 g5 (20... d4 $11 21. Ne4 Bd5) 21. Nb5 a6 22. Nd4 Bd7 23. Rde1 e6 $2 (23... Rde8 $14) 24. h4 Ne8 25. Kg2 f6 26. exf6 Nxf6 27. hxg5 {White is clearly winning.} Bxg5 28. f4 Nxg4 29. fxg5 Rxf1 30. Bxf1 ({Not} 30. Kxf1 Re8 $18) 30... Re8 31. Be5 Nxe5 32. Rxe5 Kf7 33. Bd3 Rh8 34. Kg3 h6 35. g6+ Kf6 (35... Kg7 $142 36. Ne2 Kf6) 36. Kf4 h5 (36... Rg8 $142 37. Nb3 Rc8) 37. Nf3 $18 h4 38. Ng5 h3 {...h2 is the strong threat.} 39. Nh7+ {Accuracy: White = 44%, Black = 21%.} 1-0

[Event "28th WSCC Open 50 2018"]
[Site "Bled"]
[Date "2018.11.21"]
[Round "4"]
[White "Arkell, Keith C"]
[Black "Mannion, Stephen R"]
[Result "1/2-1/2"]
[WhiteElo "2443"]
[BlackElo "2286"]
[Annotator "TA"]
[PlyCount "79"]
[EventDate "2018.11.17"]
[EventType "swiss"]
[EventCountry "SLO"]
[SourceTitle "playchess.com"]
[Source "ChessBase"]
[SourceQuality "1"]

{[%evp 15,79,-3,40,44,47,35,41,29,56,43,57,36,54,59,54,56,62,43,58,45,57,69,70,60,51,35,32,28,34,22,26,8,6,5,8,8,4,0,0,0,0,0,0,0,0,0,0,1,3,0,0,0,0,0,0,0,0,0,0,0,0,0,0,0,0,0]} 1. d4 d5 2. Nf3 Nf6 3. c4 dxc4 4. e3 e6 5. Bxc4 c5 6. Nc3 a6 7. O-O Nc6 8. a3 cxd4 {LiveBook: 8 Games. D40: Queen's Gambit Declined: Semi-Tarrasch with 5 e3} (8... b5 9. Ba2 Bb7 10. Qe2 cxd4 11. Rd1 b4 12. exd4 bxc3 13. d5 Nxd5 14. Bxd5 Nd4 15. Rxd4 Bxd5 16. bxc3 Bc5 17. Rg4 Qf6 18. Ne5 {½-½ (47) Gelfand,B (2703)-Leko,P (2690) Batumi 2018}) 9. exd4 Be7 10. d5 exd5 {White is slightly better.} 11. Nxd5 Nxd5 12. Bxd5 O-O 13. Be3 Bf6 14. Qb3 Qa5 $146 ({Predecessor:} 14... Ne7 15. Be4 Bf5 16. Bxf5 Nxf5 17. Bb6 Qd6 18. Rad1 {½-½ (44) McLaren,L (2250)-Sandler,L (2416) New Zeeland 2001}) 15. Rad1 Qb5 16. Qxb5 axb5 17. Nd4 Bd7 18. Nxb5 Bxb2 19. Bc5 Rfd8 20. Rd2 Be5 21. Bb6 Rf8 22. f4 Bf6 23. Bc5 Rfd8 {The position is equal.} 24. Nd6 Be6 25. Bxe6 fxe6 26. Rfd1 Rd7 27. Ne4 Rxd2 28. Rxd2 Ra4 29. Nxf6+ gxf6 $11 {[%mdl 4096] Endgame KRB-KRN} 30. g3 Rc4 {[#] Hoping for ...Rc1+.} 31. Bf2 e5 32. fxe5 Nxe5 33. Kg2 Rc3 34. a4 Ra3 35. Rd4 Ra2 36. g4 Kf7 37. h3 Kg6 38. Kf1 Ra1+ 39. Kg2 Ra2 40. Kf1 {Accuracy: White = 86%, Black = 73%.} 1/2-1/2

[Event "28th WSCC Open 50 2018"]
[Site "Bled"]
[Date "2018.11.21"]
[Round "4"]
[White "Bagaturov, Giorgi"]
[Black "Danielsen, Henrik"]
[Result "1-0"]
[WhiteElo "2417"]
[BlackElo "2504"]
[Annotator "TA"]
[PlyCount "55"]
[EventDate "2018.11.17"]
[EventType "swiss"]
[EventCountry "SLO"]
[SourceTitle "playchess.com"]
[Source "ChessBase"]
[SourceQuality "1"]

{[%evp 23,55,56,67,28,71,74,73,60,58,37,54,43,40,30,142,156,223,223,208,213,201,217,430,450,768,315,916,900,867,893,881,862,822,782]} 1. d4 d6 2. Nf3 Nf6 3. c4 Nbd7 4. g3 e5 5. Bg2 Be7 6. O-O O-O 7. Nc3 c6 8. Qc2 Qc7 9. b3 b6 10. Bb2 Bb7 11. Rac1 a6 12. Rfd1 Rfe8 13. e4 {A54: Old Indian Defence with Nf3, but without e4} Rac8 (13... Bf8 14. b4 exd4 15. Nxd4 c5 16. Nd5 Qd8 17. bxc5 bxc5 18. Nf5 Bxd5 19. cxd5 g6 20. Ne3 Bg7 21. Re1 Rb8 {1-0 (36) Borovikov,V (2587)-Vandrey,W (2302) Pardubice 2004}) 14. c5 $146 ({Predecessor:} 14. Qd2 Qb8 15. Re1 b5 16. d5 cxd5 17. cxd5 Bd8 18. Qe2 Ba5 19. Red1 {½-½ (19) Kutuzovic,B (2324)-Ursic,S (2111) Ljubljana 2007}) 14... b5 15. cxd6 {White is better.} Bxd6 16. dxe5 Nxe5 17. Nd4 Bc5 18. h3 Bb6 {[#]} (18... Bxd4 $11 {keeps the balance.} 19. Rxd4 c5) 19. Nf5 $1 $16 Re6 (19... Bc5 $16 20. Na4 Bxf2+ 21. Qxf2 bxa4) 20. Qd2 $18 Qb8 21. Ne2 Rd8 22. Qg5 $40 {[%csl Gf5][%cal Rg5g7][%mdl 128] White has strong attack.} Ne8 $2 {[#]} (22... Ng6 {was worth a try.}) 23. Nf4 f6 (23... h6 $142 24. Nxh6+ Rxh6) 24. Qh5 (24. Nh6+ $142 Kh8 25. Nxe6 Rxd1+ 26. Rxd1) 24... Nc7 $2 (24... Rxd1+ 25. Qxd1 Rd6 26. Nxd6 Qxd6) 25. Nxe6 {White is clearly winning.} Nxe6 26. Rxd8+ Qxd8 27. Rd1 Qf8 28. Bxe5 {Accuracy: White = 63%, Black = 32%.} 1-0

[Event "28th WSCC Open 50 2018"]
[Site "Bled"]
[Date "2018.11.21"]
[Round "4"]
[White "Porper, Edward"]
[Black "Petran, Peter"]
[Result "1-0"]
[WhiteElo "2377"]
[BlackElo "2256"]
[Annotator "TA"]
[PlyCount "131"]
[EventDate "2018.11.17"]
[EventType "swiss"]
[EventCountry "SLO"]
[SourceTitle "playchess.com"]
[Source "ChessBase"]
[SourceQuality "1"]

{[%evp 15,131,72,66,68,66,64,70,64,87,82,99,68,57,67,87,84,106,93,108,48,59,23,59,64,108,94,95,100,109,88,88,100,138,129,183,107,109,108,108,108,106,108,109,109,107,105,105,105,124,130,145,120,119,81,91,85,111,106,124,127,132,133,126,139,142,143,579,536,519,519,480,385,355,212,209,212,210,213,188,77,121,90,131,123,124,8,8,8,8,8,8,8,8,8,26,8,37,44,275,275,257,235,2477,2050,3746,2340,12848,12841,29966,29966,29964,29965,29965,29965,29964,29964,12147,8128]} 1. d4 g6 2. c4 f5 3. g3 Bg7 4. Nf3 d6 5. Bg2 c6 6. Nc3 Nh6 7. O-O O-O 8. e4 {A84: Dutch Defence: 2 c4 Miscellaneous} (8. d5 e5 9. dxe6 Bxe6 10. Qb3 Qd7 11. Ng5 Re8 12. Rd1 Na6 13. Bf4 Nf7 14. Nxe6 Rxe6 15. e4 Nc5 16. Qc2 Nxe4 17. Nxe4 fxe4 18. Bxe4 Bxb2 {1-0 (67) Drozdovskij,Y (2603)-Danielsen,H (2482) Copenhagen 2009}) 8... Na6 {LiveBook: 3 Games} 9. Re1 fxe4 $146 ({Predecessor:} 9... Qb6 10. e5 dxe5 11. Nxe5 Rd8 12. d5 Nc5 13. Na4 Nxa4 14. Qxa4 cxd5 15. cxd5 Qd6 {1-0 (30) Gyorkos,L (2381)-Brettschneider,S (2306) Germany 2013}) 10. Nxe4 {White is slightly better.} Bg4 11. Neg5 Nc7 12. h3 Bd7 13. g4 Nf7 14. d5 Nxg5 15. Bxg5 Bf6 16. Bh6 Re8 17. Nd4 ({Better is} 17. Ng5 $16) 17... c5 $14 18. Ne6 Bxe6 19. dxe6 Bg7 20. Bxg7 Kxg7 21. b4 ({Much worse is} 21. Qf3 Rb8 $11) 21... cxb4 22. Bxb7 Rb8 23. Qd4+ Kg8 24. Qxa7 Rf8 {[#]} (24... Na8 $16) 25. Bg2 (25. Rab1 $1 $18) 25... Ne8 $16 26. c5 dxc5 27. Qxc5 Nd6 28. Rad1 Qb6 29. Qxb6 Rxb6 30. Rd4 Kg7 31. Bd5 g5 32. Kg2 h6 33. Rb1 Rfb8 34. Kg3 Rb5 35. f3 {[%cal Bf2f3,Bf3f4][%mdl 32]} R5b6 36. Rc1 Rc8 37. Rxc8 Nxc8 {[%mdl 4096] Endgame KRB-KRN} 38. Bb3 Nd6 39. f4 Kf6 40. h4 Nb7 $2 {[%mdl 8192]} (40... gxf4+ $16 {is more resistant.} 41. Kxf4 Rb8) 41. hxg5+ hxg5 42. fxg5+ Kxg5 43. Rd5+ Kg6 44. Kf4 (44. Rd7 $142) 44... Nd6 $18 45. Rg5+ Kh7 46. Rc5 Rb7 47. g5 (47. Ke5 $18 {is more deadly.}) 47... Kg7 48. Rc6 Nb5 49. Rc8 Nd4 50. Rd8 (50. Bd5 $16 Rb5 51. Bc4) 50... Nxb3 $11 51. axb3 {KR-KR} Rb6 52. Re8 Rxe6 53. Rb8 Re1 54. Rxb4 Rf1+ 55. Ke4 Re1+ 56. Kd5 e6+ $2 (56... Rg1 $14) 57. Kd6 $18 Kg6 {[#]} 58. Rb5 $1 Re3 $2 (58... Re4 59. b4 Kf7) 59. b4 {[%cal Bb3b4,Bb4b5][%mdl 32]} Re4 60. Rb8 Kxg5 61. b5 Kf6 62. Rf8+ Kg7 63. Rf3 Rb4 64. Kc5 Rb1 65. Rf4 e5 66. Rb4 {Accuracy: White = 70%, Black = 43%.} 1-0

[Event "28th WSCC Open 50 2018"]
[Site "Bled"]
[Date "2018.11.21"]
[Round "4"]
[White "Berend, Fred"]
[Black "Movsziszian, Karen"]
[Result "0-1"]
[WhiteElo "2369"]
[BlackElo "2513"]
[Annotator "TA"]
[PlyCount "38"]
[EventDate "2018.11.17"]
[EventType "swiss"]
[EventCountry "SLO"]
[SourceTitle "playchess.com"]
[Source "ChessBase"]
[SourceQuality "1"]

{[%evp 17,38,32,31,-228,-234,-263,-271,-857,-856,-906,-821,-802,-787,-885,-900,-1314,-1287,-1576,-1539,-2045,-2175,-2054,-1995]} 1. d4 Nf6 2. c4 c5 3. d5 e6 4. Nc3 exd5 5. cxd5 d6 6. Nf3 g6 7. Bf4 Bg7 8. Qa4+ Bd7 9. Qb3 Qc7 10. Bxd6 $2 {[%mdl 8192] A61: Modern Benoni: Nf3 without early e4} (10. e4 $14 {keeps the upper hand.}) (10. e4 O-O 11. Nd2 Nh5 12. Be3 f5 13. exf5 Bxf5 14. h3 Nf6 15. g4 Bd7 16. Bg2 Na6 17. O-O Rab8 18. Rfe1 b5 19. Nce4 Ne8 20. a3 {½-½ (49) Riazantsev,A (2666)-Donchenko,A (2559) Douglas 2017}) 10... Qxd6 $19 11. Qxb7 Qb6 12. Qxa8 $2 (12. Qxb6 axb6 13. Nd2) 12... Qxb2 {[%mdl 64] [#] Double Attack. Black is clearly winning.} 13. Rd1 Qxc3+ 14. Nd2 O-O 15. e3 Ba4 16. Qxa7 $146 Bxd1 17. Kxd1 Nxd5 18. Bc4 Qa1+ 19. Ke2 Nc3+ 0-1

[Event "28th WSCC Open 50 2018"]
[Site "Bled"]
[Date "2018.11.21"]
[Round "4"]
[White "Cummings, David H."]
[Black "Biro, Sandor"]
[Result "1/2-1/2"]
[WhiteElo "2331"]
[BlackElo "2191"]
[Annotator "TA"]
[PlyCount "46"]
[EventDate "2018.11.17"]
[EventType "swiss"]
[EventCountry "SLO"]
[SourceTitle "playchess.com"]
[Source "ChessBase"]
[SourceQuality "1"]

{[%evp 9,46,64,73,44,69,68,84,49,49,-18,-14,-16,-2,-25,0,0,0,0,13,13,10,9,47,30,37,0,0,0,0,-9,0,0,0,0,0,0,0,0,0]} 1. Nf3 b5 2. e4 Bb7 3. Bxb5 Bxe4 4. d4 Nf6 5. c4 e6 6. Nc3 {A40: Unusual replies to 1 d4} Bb7 7. O-O Be7 8. d5 {White is better.} (8. Re1 O-O 9. a3 Bxf3 10. Qxf3 c6 {0-1 (66) Ehlvest,J (2524)-Andreikin,D (2743) Almaty 2016}) 8... O-O 9. Re1 (9. Ba4 $14) 9... c6 $11 10. dxc6 Nxc6 11. Bg5 $146 ({Predecessor:} 11. Nd4 Na5 12. Nc2 {0-1 (49) Foo,W (2090)-Fernandez,D (2346) Torquay 2013}) 11... d6 12. Qe2 Rc8 13. Rad1 Na5 14. b3 a6 15. Ba4 Qc7 16. Bf4 Qc5 17. Be3 Qh5 {The position is equal.} 18. Bb6 Nc6 19. h3 Qg6 {Hoping for ...Ne5!} 20. Nh4 Qg5 21. Nf3 Qg6 {[#] Strongly threatening ...Ne5!} 22. Nh4 Qg5 23. Nf3 Qg6 {Accuracy: White = 57%, Black = 46%.} 1/2-1/2

[Event "28th WSCC Open 50 2018"]
[Site "Bled"]
[Date "2018.11.21"]
[Round "4"]
[White "Metz, Hartmut"]
[Black "Chapman, Terry P D"]
[Result "1/2-1/2"]
[WhiteElo "2296"]
[BlackElo "2172"]
[Annotator "TA"]
[PlyCount "68"]
[EventDate "2018.11.17"]
[EventType "swiss"]
[EventCountry "SLO"]
[SourceTitle "playchess.com"]
[Source "ChessBase"]
[SourceQuality "1"]

{[%evp 21,68,21,45,-56,55,15,14,0,28,22,39,25,46,11,32,0,43,29,77,51,53,42,53,41,50,32,39,10,17,22,54,4,18,-22,-26,-22,-23,-16,-32,-43,-44,-45,-47,-32,-22,-28,-17,-27,-10]} 1. e4 c5 2. Nf3 e6 3. d4 cxd4 4. Nxd4 Nc6 5. Nc3 Qc7 6. f4 a6 7. Nxc6 Qxc6 8. Bd3 b5 9. Qe2 Bb7 10. Bd2 Bc5 11. O-O-O {B47: Sicilian: Taimanov: 5 Nc3 Qc7 6 f4, 6 g3 and 6 Be2} Ne7 {LiveBook: 95 Games} 12. Rhe1 ({White should try} 12. a3 $14) 12... O-O-O (12... b4 $15 13. Nb1 O-O) 13. Qh5 {White is slightly better.} g6 14. Qg5 f5 {[#]} 15. a3 $146 ({Predecessor:} 15. Be3 Rde8 16. Bxc5 Qxc5 17. exf5 h6 18. Qh4 gxf5 {½-½ (41) Rublevsky,S (2688)-Alekseev,E (2691) Irkutsk 2010}) 15... Rde8 16. Kb1 Kb8 17. Re2 Nc8 18. Qg3 Ka8 19. Qe1 Ref8 20. g3 Nb6 21. Be3 Bxe3 22. Rxe3 Rc8 23. e5 Qc5 24. Qd2 Rc7 25. Be2 h6 {[%cal Bh7h6,Bh6g5][%mdl 32]} 26. h4 (26. b4 $5 {[%cal Rb4c5]} Qc6 27. Bf3 $11) 26... Rg8 27. Qd4 g5 28. hxg5 hxg5 29. Qxc5 Rxc5 30. Bf3 Rc4 31. Ne2 Bxf3 32. Rxf3 Kb7 33. b3 Rcc8 34. Kb2 Rg7 {Accuracy: White = 20%, Black = 39%.} 1/2-1/2

[Event "28th WSCC Open 50 2018"]
[Site "Bled"]
[Date "2018.11.21"]
[Round "4"]
[White "Namyslo, Holger"]
[Black "Resika, Nathan"]
[Result "1/2-1/2"]
[WhiteElo "2254"]
[BlackElo "2124"]
[Annotator "TA"]
[PlyCount "53"]
[EventDate "2018.11.17"]
[EventType "swiss"]
[EventCountry "SLO"]
[SourceTitle "playchess.com"]
[Source "ChessBase"]
[SourceQuality "1"]

{[%evp 34,53,37,42,42,54,58,46,57,35,60,52,41,0,0,0,0,0,0,0,0,-21]} 1. e4 c5 2. Nf3 Nc6 3. d4 cxd4 4. Nxd4 Nf6 5. Nc3 d6 6. Bg5 e6 7. Qd2 a6 8. O-O-O Bd7 9. f4 b5 10. Bxf6 gxf6 11. Kb1 Qb6 12. Nxc6 Bxc6 13. f5 b4 {B67: Sicilian: Richter-Rauzer: 7...a6 8 0-0-0 Bd7, lines without 9 f4 Be7} 14. Ne2 {[%cal Bc3e2,Be2g3,Bg3h5][%mdl 32]} e5 15. Ng3 h5 (15... Qc5 16. Nh5 Ke7 17. Bd3 Rg8 18. h4 Rd8 19. Qe2 Bh6 20. Rhe1 a5 21. g4 {0-1 (42) Saric,I (2609)-Kozul,Z (2631) Valpovo 2017}) 16. h4 Bh6 17. Qxd6 Rd8 18. Qxd8+ {LiveBook: 8 Games} Qxd8 19. Rxd8+ Kxd8 20. Nxh5 Ke7 21. Bd3 ({Of course not} 21. Bxa6 $6 Bxe4 22. Rd1 Be3 $11) 21... Rg8 $146 22. g3 a5 23. a3 bxa3 {The position is equal.} 24. bxa3 Be3 25. Ka2 a4 26. Re1 Bc5 27. Rb1 1/2-1/2

[Event "28th WSCC Open 50 2018"]
[Site "Bled"]
[Date "2018.11.21"]
[Round "4"]
[White "Grant, Jonathan I M"]
[Black "Van Der Werf, Mark"]
[Result "0-1"]
[WhiteElo "2192"]
[BlackElo "2402"]
[Annotator "TA"]
[PlyCount "125"]
[EventDate "2018.11.17"]
[EventType "swiss"]
[EventCountry "SLO"]
[SourceTitle "playchess.com"]
[Source "ChessBase"]
[SourceQuality "1"]

{[%evp 9,125,0,5,-4,10,-4,0,-14,0,-14,0,0,0,0,20,0,46,19,33,16,60,27,74,0,0,0,0,0,0,0,0,0,0,0,0,0,0,-1,18,-42,-44,-41,0,-68,-83,-82,-63,-125,-108,-147,-116,-127,-135,-166,-147,-262,-258,-283,-268,-446,-450,-448,-430,-431,-448,-446,-444,-443,-347,-305,-296,-408,-344,-329,-333,-496,-328,-316,-198,-200,-176,-199,-183,-168,-172,-174,-148,-239,-137,-158,-139,-154,-41,-139,-139,-187,-187,-314,-180,-547,-329,-419,-413,-394,-384,-538,-535,-504,-464,-570,-568,-554,-531,-758,-879,-1767,-1647,-29957]} 1. c4 e5 2. Nc3 Nf6 3. Nf3 Nc6 4. e3 Bb4 5. Qc2 d6 {LiveBook: 83 Games} 6. d4 {A28: English Opening: Four Knights Variation} (6. a3 Bxc3 7. Qxc3 Bg4 8. b4 O-O 9. Bb2 Re8 10. h3 Bxf3 11. gxf3 d5 12. O-O-O d4 13. Qc2 Qd7 {1-0 (37) Duda,J (2724)-Eljanov,P (2702) Brest 2018}) 6... O-O 7. Be2 Bg4 8. d5 $146 {The position is equal.} ({Predecessor:} 8. O-O exd4 9. Nxd4 Bxe2 10. Nxc6 bxc6 11. Nxe2 Re8 12. Qa4 Bc5 13. b4 Bb6 14. Qxc6 {1-0 (21) Nascimento,P-Brasileiro,J Brazil CXEB 2000}) 8... Ne7 9. Bd2 c6 10. dxc6 bxc6 11. O-O Ba5 12. Rfd1 Bc7 13. e4 (13. h3 $5 {[%cal Rh3g4]} Be6 14. e4 $11) 13... Ng6 14. Be3 Qd7 15. Rd2 Qe6 16. Ng5 (16. c5 $16) 16... Qe7 $11 17. h3 Bxe2 18. Nxe2 Ba5 (18... h6 $5 19. Nf3 $8 Ba5 $11) 19. Rdd1 Bb6 20. c5 Bxc5 21. Bxc5 dxc5 22. Ng3 Nh4 23. Rac1 Nd7 {[%cal Bf6d7,Bd7f8,Bf8e6,Be6d4][%mdl 32]} 24. Qd2 (24. Nf5 $1 $11 Nxf5 25. exf5) 24... Rfd8 $15 25. Qe3 Nf8 26. Nf3 (26. Nf5 $11 Nxf5 27. exf5) 26... Nxf3+ 27. Qxf3 Ne6 28. Qa3 ({White should try} 28. Nf5 $15 Qf6 29. Kh1) 28... g6 $17 29. Qa4 Nd4 30. Qc4 Rab8 31. b3 Rb4 32. Qa6 {[#]} (32. Qc3 $17) 32... c4 $1 $19 {[%mdl 512]} 33. bxc4 {[#]} Rb2 $1 34. Rf1 $2 (34. c5) 34... h5 35. Rb1 Rdb8 36. Rxb2 Rxb2 37. h4 Qxh4 38. Qxa7 Qg5 39. Qa3 Rc2 40. Rb1 {intending Rb8+.} Kg7 41. Qe3 Qg4 42. a4 (42. Nf1 $142) 42... h4 43. Nf1 Ra2 ({But not} 43... Rxc4 44. Nh2 $19) 44. Nh2 Qf4 45. Qxf4 exf4 {[%mdl 4096] Endgame KRN-KRN} 46. Ng4 Rxa4 47. Rb7 Ra5 48. f3 {[#]} (48. Rd7 $17 {was necessary.} Ne6 49. f3) 48... Ne6 (48... h3 $1 $19 {[%mdl 512]} 49. Rd7 (49. gxh3 Nxf3+) 49... Ra1+ 50. Kh2 hxg2 51. Kxg2 Ra2+ 52. Nf2 c5) 49. Nf2 g5 50. Kh2 Kg6 (50... Nd4 $17 {Strongly threatening ...Ra2.} 51. Nd3 Nc2) 51. Rb6 ({Better is} 51. Rd7 $1 $15) 51... Nd4 52. Nd3 f6 53. Rb7 (53. Rb2 $142) 53... Ra2 (53... Ra3 $142 54. Nb4 Rb3) 54. Nb2 $2 (54. Rb2 {nothing else works.} Ra3 55. Rd2) 54... Ra1 55. Rd7 c5 56. Nd3 {[#]} h3 $1 {[%mdl 512]} 57. e5 (57. Rd6 {is a better defense.} hxg2 58. Kxg2 Ra2+ 59. Nf2) (57. gxh3 Ra2+) 57... hxg2 {Black is clearly winning.} 58. Kxg2 Ra2+ 59. Kf1 Nxf3 60. e6 Ne5 61. e7 Kf7 62. Nxe5+ fxe5 63. Rd5 {Accuracy: White = 28%, Black = 53%.} 0-1

[Event "28th WSCC Open 50 2018"]
[Site "Bled"]
[Date "2018.11.21"]
[Round "4"]
[White "Grant, Jonathan I M"]
[Black "Van der Werf, Mark"]
[Result "0-1"]
[WhiteElo "2192"]
[BlackElo "2402"]
[Annotator "TA"]
[PlyCount "85"]
[EventDate "2018.11.17"]
[EventType "swiss"]
[EventCountry "SLO"]
[SourceTitle "playchess.com"]
[Source "ChessBase"]
[SourceQuality "1"]

{[%evp 9,85,0,3,-18,-15,-16,-14,-19,-2,-21,0,0,0,-5,25,0,29,22,32,13,65,34,66,0,0,0,0,0,0,0,9,0,0,0,0,0,0,0,18,-52,-50,-46,0,-73,-83,-71,-53,-126,-115,-143,-123,-151,-123,-146,-143,-259,-260,-260,-271,-387,-376,-387,-378,-379,-375,-408,-446,-427,-308,-294,-290,-430,-348,-344,-350,-515,-498,-479]} 1. c4 e5 2. Nc3 Nf6 3. Nf3 Nc6 4. e3 Bb4 5. Qc2 d6 {LiveBook: 83 Games} 6. d4 {A28: English Opening: Four Knights Variation} (6. a3 Bxc3 7. Qxc3 Bg4 8. b4 O-O 9. Bb2 Re8 10. h3 Bxf3 11. gxf3 d5 12. O-O-O d4 13. Qc2 Qd7 {1-0 (37) Duda,J (2724)-Eljanov,P (2702) Brest 2018}) 6... O-O 7. Be2 Bg4 8. d5 $146 {The position is equal.} ({Predecessor:} 8. O-O exd4 9. Nxd4 Bxe2 10. Nxc6 bxc6 11. Nxe2 Re8 12. Qa4 Bc5 13. b4 Bb6 14. Qxc6 {1-0 (21) Nascimento,P-Brasileiro,J Brazil CXEB 2000}) 8... Ne7 9. Bd2 c6 10. dxc6 bxc6 11. O-O Ba5 12. Rfd1 Bc7 13. e4 Ng6 14. Be3 Qd7 (14... Be6 $11) 15. Rd2 Qe6 16. Ng5 (16. Qa4 $14) 16... Qe7 $11 17. h3 Bxe2 18. Nxe2 Ba5 (18... h6 $5 19. Nf3 $8 Ba5 $11) 19. Rdd1 Bb6 20. c5 Bxc5 21. Bxc5 dxc5 22. Ng3 Nh4 23. Rac1 Nd7 {[%cal Bf6d7,Bd7f8,Bf8e6,Be6d4][%mdl 32]} 24. Qd2 (24. Nf5 $11 Nxf5 25. exf5) 24... Rfd8 $15 25. Qe3 Nf8 26. Nf3 (26. Nf5 $11 {remains equal.} Nxf5 27. exf5) 26... Nxf3+ 27. Qxf3 Ne6 28. Qa3 (28. Nf5 $15 Qf6 29. Rxd8+ Rxd8 30. Rc3) 28... g6 $17 29. Qa4 Nd4 30. Qc4 Rab8 $36 {[%cal Ba8b8,Bb8b4,Bb4b2][%mdl 2080] Black is really pushing.} 31. b3 Rb4 32. Qa6 {[#]} (32. Qc3 $17) 32... c4 $1 $19 {[%mdl 512]} 33. bxc4 {[#]} Rb2 $1 34. Rf1 (34. Qa5 $142) 34... h5 35. Rb1 Rdb8 36. Rxb2 Rxb2 37. h4 Qxh4 38. Qxa7 Qg5 {...h4 is the strong threat.} 39. Qa3 Rc2 40. Rb1 (40. Qe3 {is a better defense.} Qg4 41. Qh6 Rxa2 42. Rb1) 40... Kg7 41. Qe3 Qg4 42. a4 (42. Nf1 $142) 42... h4 43. Nf1 {Accuracy: White = 34%, Black = 59%.} 0-1